| 000 | 00781cab a2200241 4500 | ||
|---|---|---|---|
| 001 | ABS54075 | ||
| 008 | 090401t1995 xxu||||| |||| 00| 0 eng d | ||
| 035 | _a(Sirsi) u8315 | ||
| 041 | _aeng | ||
| 100 | _aGranger, N. | ||
| 245 | _aNational Vocational Qualifications | ||
| 260 | _c1995 | ||
| 350 | _a0 | ||
| 490 |
_aSurveying World _v4(1) November 1995, 39(1) |
||
| 520 | _aExamines the concept of the NVQ, the levels of competence in mapping required to achieve NVQ levels 3, 4 or 5 and issues still to be resolved. | ||
| 650 | _aMAPPING | ||
| 650 | _aNATIONAL VOCATIONAL QUALIFICATIONS | ||
| 650 | _aQUALIFICATIONS | ||
| 650 | _aCAREERS, EDUCATION AND TRAINING | ||
| 690 | _aMANAGEMENT-BUSINESS MANAGEMENT-PROFESSIONAL PRACTICE | ||
| 942 | _n0 | ||
| 948 | _c04/03/1997 | ||
| 999 |
_c5101 _d5101 |
||